000 00402cam a2200169ua 4500
001 5229
008 120306n ii |||gr||||Z||||||eng
040 _cMAIN
082 _a821
100 _aMullik, B. R.,
_eAuthor,
245 1 1 _aMilton (Vol III)
_cby B. R. Mullik
250 _a5th.
260 _aDelhi:
_bS. Chand & company,
_c1963.
300 _a98p:
_c15cm.
653 _aEnglish poetry
942 _cBK
999 _c4411
_d4411